000 00411nam a22001697a 4500
003 MPLRDC
005 20220104124739.0
008 210129b ||||| |||| 00| 0 eng d
082 _a572.2 ZZC
100 _a曾子才
245 _a公民权与你
_c
260 _a
_b中国报有限公司
_c1970
300 _b
490 _a中国报丛书
650 _a国籍; 公民; 公权
942 _cBK
_o572.2 ZZC
999 _c21823
_d21813